| 000 | 00431nam a2200157 a 4500 | ||
|---|---|---|---|
| 005 | 20140414093846.0 | ||
| 008 | 091124s19uu xx 00 eng d | ||
| 050 |
_aCD 808 _bSEC 2007 |
||
| 100 | _aBurnett, Frances Hodgson | ||
| 245 |
_aThe Secret garden / _cFrances Hodgson Burnett. |
||
| 260 |
_bThomson Heinle, _cc2007. |
||
| 440 | _aIllustrated Classics Collection | ||
| 650 | _aFiction. | ||
| 942 | _cAVM | ||
| 999 |
_c109562 _d109562 |
||